000076741 001__ 76741
000076741 005__ 20190115134154.0
000076741 037__ $$aTAZ-TFG-2018-3225
000076741 041__ $$aspa
000076741 1001_ $$aCEPERO MARTÍN, ITZIAR
000076741 24200 $$aORIGIN AND EVOLUTION OF THE COLLAGE UNTIL 1945
000076741 24500 $$aORIGEN Y EVOLUCIÓN DEL COLLAGE HASTA 1945
000076741 260__ $$aZaragoza$$bUniversidad de Zaragoza$$c2018
000076741 506__ $$aby-nc-sa$$bCreative Commons$$c3.0$$uhttp://creativecommons.org/licenses/by-nc-sa/3.0/
000076741 520__ $$aEste trabajo tiene como objetivo una primera aproximación al collage como técnica creativa propia de las vanguardias del siglo XX, que continúa utilizándose a día de hoy.
000076741 521__ $$aGraduado en Historia del Arte
000076741 540__ $$aDerechos regulados por licencia Creative Commons
000076741 700__ $$aHernández Martínez, Ascensión$$edir.
000076741 7102_ $$aUniversidad de Zaragoza$$bHistoria del Arte$$cHistoria del Arte
000076741 8560_ $$f314163@celes.unizar.es
000076741 8564_ $$s2153114$$uhttps://zaguan.unizar.es/record/76741/files/TAZ-TFG-2018-3225.pdf$$yMemoria (spa)
000076741 8564_ $$s22794$$uhttps://zaguan.unizar.es/record/76741/files/TAZ-TFG-2018-3225_ANE.pdf$$yAnexos (spa)
000076741 909CO $$ooai:zaguan.unizar.es:76741$$pdriver$$ptrabajos-fin-grado
000076741 950__ $$a
000076741 951__ $$adeposita:2019-01-15
000076741 980__ $$aTAZ$$bTFG$$cFFYL
000076741 999__ $$a20180914121807.CREATION_DATE